Advances in marine antifouling coatings and technologies / (Record no. 2840)

000 -LEADER
fixed length control field 00823nam a2200265 4500
006 - FIXED-LENGTH DATA ELEMENTS--ADDITIONAL MATERIAL CHARACTERISTICS--GENERAL INFORMATION
fixed length control field a||||go||d| 00| 0
007 - PHYSICAL DESCRIPTION FIXED FIELD--GENERAL INFORMATION
fixed length control field cr |||||||||||
008 - FIXED-LENGTH DATA ELEMENTS--GENERAL INFORMATION
fixed length control field 861201s2009 enka o 001 0 eng d
020 ## - INTERNATIONAL STANDARD BOOK NUMBER
International Standard Book Number 9781845693862
Terms of availability (ebook)
040 ## - CATALOGING SOURCE
Original cataloging agency IMU Kochi Library
Language of cataloging eng
044 ## - COUNTRY OF PUBLISHING/PRODUCING ENTITY CODE
MARC country code England
082 04 - DEWEY DECIMAL CLASSIFICATION NUMBER
Edition number 23
245 10 - TITLE STATEMENT
Title Advances in marine antifouling coatings and technologies /
260 ## - PUBLICATION, DISTRIBUTION, ETC. (IMPRINT)
Place of publication, distribution, etc Oxford :
Name of publisher, distributor, etc Woodhead Publishing,
Date of publication, distribution, etc 2009.
300 ## - PHYSICAL DESCRIPTION
Extent 1 online resource
490 0# - SERIES STATEMENT
Series statement Woodhead Publishing Series in Metals and Surface Engineering
650 #0 - SUBJECT ADDED ENTRY--TOPICAL TERM
Topical term or geographic name as entry element Paint, Antifouling
650 #0 - SUBJECT ADDED ENTRY--TOPICAL TERM
Topical term or geographic name as entry element Protective coatings
700 1# - ADDED ENTRY--PERSONAL NAME
Personal name Hellio, Claire
Relator term Editor
700 1# - ADDED ENTRY--PERSONAL NAME
Personal name Yebra, Diego
Relator term Editor
852 ## - LOCATION/CALL NUMBER
Location IMU Kochi Library
856 40 - ELECTRONIC LOCATION AND ACCESS
Uniform Resource Identifier <a href="https://www.sciencedirect.com/science/book/9781845693862">https://www.sciencedirect.com/science/book/9781845693862</a>
904 ## - LOCAL DATA ELEMENT D, LDD (RLIN)
CATALOGER Akhil Bose
942 ## - ADDED ENTRY ELEMENTS (KOHA)
Item type E-Book

No items available.



Copyright © All Rights Reserved by Indian Maritime University, Kochi Campus.
For any Suggestions/Query Contact to library or Email: library.kochi@imu.ac.in Ph:(0484)-2989402
(Web OPAC Designed by Rudra Ranjan. Maintained by IMU Kochi Library)

Powered by Koha